Ověření platnosti keynesiánské spotřební funkce pre Českou republiku

Odhad krátkodobej keynesiánskej spotrebnej funkcie. Rozšírenie klasickej spotrebnej funkcie o faktor inflácie. Analýza agregátnej spotreby.

Gespeichert in:
Bibliographische Detailangaben
1. Verfasser: Poměnková, Jitka
Weitere Verfasser: Toufarová, Zuzana
Format: Buchkapitel
Sprache:Tschechisch
Schlagworte:
Tags: Tag hinzufügen
Keine Tags, Fügen Sie das erste Tag hinzu!

MARC

LEADER 00000naa$a2200000$$$4500
001 0090500
005 20220715093823.5
041 0 |a cze 
044 |a SK 
245 1 0 |a Ověření platnosti keynesiánské spotřební funkce pre Českou republiku  |c Jitka Poměnková, Zuzana Toufarová 
520 |a Odhad krátkodobej keynesiánskej spotrebnej funkcie. Rozšírenie klasickej spotrebnej funkcie o faktor inflácie. Analýza agregátnej spotreby. 
610 2 0 |a funkcie spotrebné 
610 2 0 |a správanie spotrebiteľa 
610 2 0 |a spotreba obyvateľstva 
610 2 0 |a výdavky obyvateľstva 
610 2 0 |a modely regresné 
610 2 0 |a analýza korelačná 
610 2 0 |a korelácia 
610 2 0 |a koeficient korelácie 
610 2 0 |a modely 
610 2 0 |a modely štatistické 
610 2 0 |a metódy štatistické 
610 2 0 |a štatistika 
610 2 0 |a Česko 
100 1 |a Poměnková, Jitka 
700 1 |a Toufarová, Zuzana